000
00336nam a2200133Ia 4500
008
240624s9999 xx 000 0 und d
041
_a
eng
082
_a
158.7 SHA
100
_a
SHARMA SHAKTI
245
_a
TEARLESS EYES FEARLESS HEADS
260
_c
2000
_a
New Delhi
_b
Macmillan
300
_a
xvi, : 167 : p. : cm. ; 25
365
_c
RS
_b
35
999
_c
8143
_d
8143